| 000 | 00746nam a2200253Ia 4500 | ||
|---|---|---|---|
| 020 | _a002826908X (Teacher ed.) | ||
| 020 | _a9780028269115(Teacher ed.) | ||
| 040 | _cUWC | ||
| 082 | _aMER RAL 1995 C284 Or. | ||
| 100 | 1 | _aFeather, Ralph M | |
| 245 | 1 | 0 | _aEarth science. |
| 246 | 3 | _aMerrill earth science | |
| 260 |
_aNew York, N.Y. : _bGlencoe/McGraw-Hill, _cc1995 |
||
| 300 |
_a1 teacher ed. + _e19 teacher resources ; _c29 cm |
||
| 500 | _aVols. 19-20 are part of the Glencoe science professional series | ||
| 650 | 0 | _aScience | |
| 650 | 0 | _aEarth sciences | |
| 650 | 0 | _aEarth sciences | |
| 650 | 0 | _aEarth sciences | |
| 700 | 1 | _aSnyder, Susan Leach | |
| 700 | 1 | _aHesser, Dale T | |
| 710 | 2 | _aGlencoe/McGraw-Hill | |
| 942 | _cAEDBB | ||
| 999 |
_c22431 _d22431 |
||